Multifunkčné objekty s vybavenosťou a bývaním, Šaľa - Veča

Enregistré dans:
Détails bibliographiques
Auteur principal: Rezníková, Gabriela (Auteur)
Autres auteurs: Bogár, Michal (Directeur de thèse)
Format: Manuscrit Livre
Langue:slovaque
Publié: 2025
Sujets:
Accès en ligne:http://is.stuba.sk/zp/portal_zp.pl?podrobnosti=175916
CRZP
Tags: Ajouter un tag
Pas de tags, Soyez le premier à ajouter un tag!

MARC

LEADER 00000ntm a22000003a 4500
001 stuzp105012
003 SK-STU
005 20250722141647.2
007 ta
008 150427s2015----xo-----f-mn---000-0-slo-d
040 |a STU  |b slo 
041 0 |a slo 
100 1 |a Rezníková, Gabriela  |u 010310  |4 aut  |U SvF Stavebná fakulta  |T SvF Katedra architektúry  |X 93096  |U V181|V310  |Y 19  |7 93096 
242 0 1 |a Multifunctional buildings with amenities and housing, Šaľa - Veča  |y eng 
245 1 0 |a Multifunkčné objekty s vybavenosťou a bývaním, Šaľa - Veča 
260 |c 2025 
650 4 |a community-oriented neighborhood  |2 eng 
650 4 |a demographic development  |2 eng 
650 4 |a senior housing facility  |2 eng 
650 4 |a barrier-free design  |2 eng 
650 4 |a komunitná štvrť  |2 slo 
650 4 |a demografický vývoj  |2 slo 
650 4 |a bezbariérovosť  |2 slo 
650 4 |a zariadenie pre seniorov  |2 slo 
700 1 |a Bogár, Michal  |u 054140  |k Z8  |4 ths  |U FAD Fakulta architektúry a dizajnu  |T FAD Ústav konštrukcií v architektúre a inžinierskych stavieb  |X 71161  |U A4140  |Y 395  |7 A000071161 
856 4 |u http://is.stuba.sk/zp/portal_zp.pl?podrobnosti=175916 
856 4 |u https://opac.crzp.sk/?fn=detailBiblioForm&sid=226A7A544DA3649F6D563FE9F6D0  |z CRZP